[Event "Vecindario Montalvo Memorial 17th"]
[Site "Vecindario"]
[Date "2025.04.17"]
[Round "6"]
[White "Ludishev, Artem"]
[Black "Fernandez de la Hoz A, Carlos"]
[Result "1-0"]
[WhiteElo "1874"]
[BlackElo "1687"]
[PlyCount "71"]
[EventDate "2025.04.12"]
[EventType "swiss"]
[EventRounds "9"]
[EventCountry "ESP"]
[SourceTitle "CB17_2025"]
[SourceDate "2025.04.23"]
[SourceVersion "1"]
[SourceVersionDate "2025.04.23"]
[SourceQuality "1"]

1. e4 d6 2. d4 Nf6 3. Nc3 c6 4. f3 g6 5. Be3 Bg7 6. Qd2 h6 7. g4 Nbd7 8. Nge2 b5 9. Ng3 b4 10. Nce2 Nb6 11. Nc1 a5 12. a3 bxa3 13. Rxa3 a4 14. c4 h5 15. g5 Ng8 16. h4 Bb7 17. Bd3 Ba6 18. Qc2 Qc7 19. Nce2 c5 20. d5 Rb8 21. Ra2 Kd7 22. Rxa4 Ra8 23. Ra2 e6 24. 0-0 exd5 25. exd5 Ne7 26. Rfa1 Bb7 27. f4 Rag8 28. f5 f6 29. fxg6 fxg5 30. Bf5+ Kd8 31. Bxg5 Rf8 32. Nf4 Ke8 33. Ne6 Bd4+ 34. Kh2 Qb8 35. Re1 Be5 36. Rxe5 1-0

[Event "Vecindario Montalvo Memorial 17th"]
[Site "Vecindario"]
[Date "2025.04.14"]
[Round "3"]
[White "Cattani, Cloe"]
[Black "Ludishev, Artem"]
[Result "0-1"]
[WhiteElo "1614"]
[BlackElo "1874"]
[PlyCount "68"]
[EventDate "2025.04.12"]
[EventType "swiss"]
[EventRounds "9"]
[EventCountry "ESP"]
[SourceTitle "CB17_2025"]
[SourceDate "2025.04.23"]
[SourceVersion "1"]
[SourceVersionDate "2025.04.23"]
[SourceQuality "1"]

1. e4 c5 2. Nf3 d6 3. c3 Nf6 4. Bd3 Nc6 5. Bc2 Bg4 6. d3 g6 7. Nbd2 Bg7 8. h3 Bd7 9. 0-0 b5 10. Re1 0-0 11. Nf1 b4 12. d4 Qc7 13. Ng3 e5 14. d5 Ne7 15. Be3 h6 16. Qd2 bxc3 17. bxc3 g5 18. Kh2 Ng6 19. Rh1 Rab8 20. Bd1 Rb7 21. Be2 Rfb8 22. Rhc1 Rb2 23. Rc2 Qb7 24. Rxb2 Qxb2 25. Qxb2 Rxb2 26. a3 Nf4 27. Bc4 g4 28. Nh4 gxh3 29. gxh3 Nxh3 30. Kg2 Ng4 31. Ra2 Nxe3+ 32. Kh2 Ng4+ 33. Kg2 Nf6 34. Kh2 Ng4+ 0-1

[Event "Split rapid op 6th"]
[Site "Split"]
[Date "2024.08.08"]
[Round "5"]
[White "Kristovic, Marijan"]
[Black "Ludishev, Artem"]
[Result "1-0"]
[WhiteElo "2154"]
[BlackElo "1845"]
[PlyCount "153"]
[EventDate "2024.08.08"]
[EventType "swiss (rapid)"]
[EventRounds "7"]
[EventCountry "CRO"]
[SourceTitle "CBM 221 Extra"]
[Source "ChessBase"]
[SourceDate "2024.09.30"]
[SourceVersion "1"]
[SourceVersionDate "2024.09.30"]
[SourceQuality "1"]

1. e4 c5 2. Nf3 Nc6 3. c3 Nf6 4. e5 Nd5 5. d4 cxd4 6. cxd4 d6 7. Bd2 Bg4 8. Bb5 e6 9. Qa4 Rc8 10. Nc3 Bxf3 11. gxf3 Nxc3 12. Bxc3 a6 13. Bd3 dxe5 14. Be4 exd4 15. Bxc6+ Rxc6 16. Qxd4 Qxd4 17. Bxd4 e5 18. Bc3 f6 19. Rg1 Kf7 20. Ke2 b5 21. a3 Be7 22. Rad1 Rd8 23. Rxd8 Bxd8 24. Rd1 Ke8 25. h4 Bb6 26. h5 Ke7 27. Rg1 Kf7 28. Rd1 Ke8 29. Rg1 Kf7 30. Rd1 Ke6 31. Rg1 Rc7 32. Rg4 Bc5 33. Ba5 Rd7 34. Rg1 f5 35. Rc1 Bd4 36. Rc2 Kd5 37. b3 Rd6 38. Rc7 Rh6 39. Rxg7 Rxh5 40. Rd7+ Ke6 41. Rc7 Kd6 42. Rf7 f4 43. Rf6+ Kd5 44. Rxa6 Rh2 45. Be1 h5 46. a4 bxa4 47. bxa4 e4 48. fxe4+ Kxe4 49. Re6+ Kf5 50. Rh6 Kg5 51. Rd6 Be5 52. Rd5 Kf6 53. a5 Rh3 54. f3 Rh2+ 55. Bf2 Bb8 56. Rd7 Ke6 57. Rh7 Be5 58. Kf1 Rh1+ 59. Kg2 Ra1 60. a6 Ra2 61. a7 Bd4 62. a8Q Rxa8 63. Bxd4 Ra5 64. Rh6+ Kf7 65. Rf6+ Kg8 66. Rxf4 Kh7 67. Bf6 Kg6 68. Bh4 Ra6 69. Kg3 Rc6 70. Rd4 Rc1 71. Rd6+ Kg7 72. Kf4 Rh1 73. Kg5 Rg1+ 74. Kxh5 Kf7 75. Rf6+ Kg7 76. Rf5 Rg2 77. Rg5+ 1-0

[Event "Split rapid op 6th"]
[Site "Split"]
[Date "2024.08.08"]
[Round "4"]
[White "Ludishev, Artem"]
[Black "Loncar, Robert"]
[Result "0-1"]
[WhiteElo "1845"]
[BlackElo "2370"]
[PlyCount "82"]
[EventDate "2024.08.08"]
[EventType "swiss (rapid)"]
[EventRounds "7"]
[EventCountry "CRO"]
[SourceTitle "CBM 221 Extra"]
[Source "ChessBase"]
[SourceDate "2024.09.30"]
[SourceVersion "1"]
[SourceVersionDate "2024.09.30"]
[SourceQuality "1"]

1. e4 c5 2. Nf3 e6 3. d3 Nc6 4. g3 d6 5. Bg2 g6 6. 0-0 Bg7 7. Re1 Nge7 8. c3 e5 9. Nbd2 0-0 10. Nf1 h6 11. Nh4 d5 12. Ne3 Be6 13. c4 dxc4 14. dxc4 Qxd1 15. Rxd1 Nd4 16. Nd5 Nxd5 17. cxd5 Bg4 18. f3 Bd7 19. g4 Bf6 20. Bxh6 Bxh4 21. Bxf8 Kxf8 22. a4 Ke7 23. b4 cxb4 24. Rab1 Ne2+ 25. Kf1 Nc3 26. d6+ Kd8 27. Rdc1 Nxb1 28. Rxb1 a5 29. Ke2 Bxa4 30. Kd2 Bg5+ 31. Ke1 Kd7 32. Bf1 Kxd6 33. Bc4 f6 34. Bd5 Bc6 35. Bf7 Kc5 36. Bxg6 a4 37. Bf7 b3 38. Bxb3 axb3 39. Rxb3 Ra1+ 40. Kf2 Ra2+ 41. Kg1 Rc2 0-1

[Event "Split rapid op 6th"]
[Site "Split"]
[Date "2024.08.08"]
[Round "6"]
[White "Ludishev, Artem"]
[Black "Porobija, Antonio"]
[Result "0-1"]
[WhiteElo "1845"]
[BlackElo "2018"]
[PlyCount "60"]
[EventDate "2024.08.08"]
[EventType "swiss (rapid)"]
[EventRounds "7"]
[EventCountry "CRO"]
[SourceTitle "CBM 221 Extra"]
[Source "ChessBase"]
[SourceDate "2024.09.30"]
[SourceVersion "1"]
[SourceVersionDate "2024.09.30"]
[SourceQuality "1"]

1. e4 e6 2. d3 d5 3. Nd2 Nf6 4. g3 Nc6 5. Bg2 Bc5 6. Ngf3 dxe4 7. dxe4 e5 8. 0-0 0-0 9. c3 a5 10. Qc2 Qe7 11. Nb3 Bb6 12. a4 Be6 13. Nh4 g6 14. h3 Rad8 15. Bh6 Rfe8 16. Kh2 Bc4 17. Rfd1 Qe6 18. Nd2 Bd3 19. Qc1 Bxf2 20. Bf3 Rd7 21. Rf1 Bxf1 22. Nxf1 Qc4 23. Qg5 Re6 24. Nd2 Qc5 25. Nf5 Ne7 26. Nb3 Qb6 27. Rf1 Nxf5 28. exf5 Red6 29. fxg6 fxg6 30. Bd5+ Rxd5 0-1

[Event "Split op 13th"]
[Site "Split"]
[Date "2024.08.03"]
[Round "1"]
[White "Sale, Srdjan"]
[Black "Ludishev, Artem"]
[Result "1-0"]
[WhiteElo "2276"]
[BlackElo "1860"]
[PlyCount "53"]
[EventDate "2024.08.03"]
[EventType "swiss"]
[EventRounds "10"]
[EventCountry "CRO"]
[SourceTitle "CBM 221 Extra"]
[Source "ChessBase"]
[SourceDate "2024.09.30"]
[SourceVersion "1"]
[SourceVersionDate "2024.09.30"]
[SourceQuality "1"]

1. e4 c5 2. a3 Nc6 3. b4 cxb4 4. axb4 Nxb4 5. d4 d5 6. c3 Nc6 7. exd5 Qxd5 8. Na3 e5 9. Nb5 Kd8 10. Bg5+ f6 11. dxe5 Qxd1+ 12. Rxd1+ Ke7 13. exf6+ gxf6 14. Be3 Be6 15. Nc7 Rc8 16. Nxe6 Kxe6 17. Bc4+ Kf5 18. Bd3+ Ke6 19. Ne2 Bh6 20. Bc4+ Ke7 21. Bc5+ Ke8 22. 0-0 Ne5 23. Bb5+ Kf7 24. Bxa7 Ne7 25. f4 Ng4 26. h3 Ra8 27. Bd4 1-0